000 01031cam a2200337Mi 4500
001 92604
005 20230410142343.0
008 980423s1997 sp 000 0 spa d
035 _a(OCoLC)ocn245956628
040 _aGyGoGBV
_erakwb
_bger
_cGBVCP
020 _a8489770085
020 _a9788489770089
035 _a(OCoLC)245956628
050 1 4 _aBX 1585.2
_bD542e 1997
082 0 0 _a282.0946
049 _aGRAL
100 1 _aDíaz-Plaja, Fernando.
245 1 3 _aEl español y la Iglesia Católica /
_cFernando Díaz-Plaja.
260 _aOviedo :
_bEdiciones Nobel,
_c1997.
300 _a253 p. ;
_c21 cm.
610 2 0 _aCatholic Church
_zSpain
_xHistory.
651 0 _aSpain
_xChurch history.
651 0 _aSpain
_xReligious life and customs.
610 2 4 _aIglesia Católica
_xHistoria
_zEspaña.
650 4 _aIglesia
_xHistoria
_zEspaña.
651 4 _aEspaña
_xVida religiosa y costumbres.
856 4 _uhttp://www.gbv.de/dms/sub-hamburg/243101228.pdf
942 _2lcc
_cbk
994 _aC0
_bDRFGD
946 _aJCM
999 _c94119
_d94119